00702naa a2200253 a 450000100080000000500110000800800410001910000240006024500710008426000090015565300090016465300190017365300220019265300210021465300250023565300100026070000150027070000150028570000150030070000170031570000140033270000210034677300810036710334152005-01-10 2004 bl uuuu u00u1 u #d1 aMELO FILHO, P.de A. aDetection of three Allexivirus species infecting garlic in Brazil. c2004 aAlho aAllium sativum aDeteccao de virus aDoenca de planta aProteinas capsidiais aVirus1 aNAGATA, T.1 aDUSI, A.N.1 aBUSO, J.A.1 aTORRES, A.C.1 aEIRAS, M.1 aRESENDE, R.de O. tPesquisa Agropecuaria Brasileira, Brasiliagv.39, n.8, p.735-740, ago. 2004.